Statistics for Lyrics to New York, New York

Click here to take the quiz!

General Stats

  • This quiz has been taken 194 times
  • The average score is 135 of 170

Answer Stats

Answer% Correct
New
99%
new
99%
I
98%
York.
98%
York,
98%
A
94%
a
94%
the
94%
to
94%
it
92%
it,
92%
of
90%
I'm
86%
be
85%
want
85%
news
84%
today.
84%
leavin'
82%
part
82%
start
82%
Start
82%
in
81%
spreadin'
81%
up
81%
city
78%
you,
77%
you
77%
that
76%
make
73%
sleep
73%
can
71%
It's
71%
there,
71%
wake
71%
if
69%
If
69%
king
69%
anywhere.
68%
town
68%
and
67%
are
67%
never
67%
blues
66%
brand
66%
hill,
66%
doesn't
65%
These
65%
I'll
64%
top
63%
little
62%
away.
60%
old
60%
shoes
58%
one,
56%
one.
56%
sleeps
55%
melting
54%
find
53%
number
52%
heart
51%
vagabond
51%
stray
48%
heap.
47%
longin'
47%
very
47%
list,
44%
right
42%
through
38%

Score Distribution

Percentile by Number Answered

Percent of People with Each Score

Your Score History

You have not taken this quiz